| 000 | 00474nam a2200181Ia 4500 | ||
|---|---|---|---|
| 003 | OSt | ||
| 005 | 20251118164510.0 | ||
| 008 | 210210b1967 xxu||||| |||| 00| 0 eng d | ||
| 040 | _cAL | ||
| 041 | _akan | ||
| 082 | _a851/54 | ||
| 100 |
_aKANNADA SANGHA _9159052 _dಕನ್ನಡ ಸಂಘ |
||
| 245 |
_aKavyagange: _bಕಾವ್ಯಗಂಗೆ |
||
| 260 |
_aMangaluru _bKannada Sangha _c1967 |
||
| 690 |
_aKannada Poetry _9159053 |
||
| 906 | _a018071 | ||
| 942 |
_2ddc _cBK |
||
| 999 |
_c141203 _d141203 |
||